[Event "20th Dubai Open 2018"]
[Site "Dubai"]
[Date "2018.04.05"]
[Round "4"]
[White "Deepan, Chakkravarthy J"]
[Black "Yilmaz, Mustafa"]
[Result "1/2-1/2"]
[WhiteElo "2499"]
[BlackElo "2626"]
[Annotator "TA"]
[PlyCount "61"]
[EventDate "2018.??.??"]
[EventType "swiss"]
[EventCountry "UAE"]
[SourceTitle "playchess.com"]
[Source "ChessBase"]
[SourceQuality "1"]

{[%evp 26,61,14,17,25,30,19,0,10,0,0,-10,8,-8,7,-19,0,0,0,0,6,0,3,0,6,10,17,19,51,0,11,14,14,4,3,0,8,8]} 1. c4 e6 2. Nc3 d5 3. d4 Nf6 4. cxd5 exd5 5. Bg5 c6 6. e3 Be7 7. Bd3 Nbd7 8. Nf3 Ne4 9. Bf4 Ndf6 {D35: Queen's Gambit Declined: Exchange Variation} 10. Qc2 O-O 11. O-O Bf5 12. Ng5 Nxg5 13. Bxf5 Ne6 14. Be5 {LiveBook: 3 Games} g6 15. Bxe6 fxe6 {[#]} 16. h3 $146 ({Predecessor:} 16. e4 Ng4 17. Bg3 {½-½ (42) Stefansson,H (2539)-Laznicka,V (2677) Warsaw 2013}) 16... Rc8 17. Rad1 Bd6 18. a3 a6 19. Qe2 Qe7 20. Rd2 c5 21. Bxd6 Qxd6 22. dxc5 Rxc5 23. Rfd1 Qc6 24. Rd3 Rc4 25. Rd4 b5 26. Rxc4 Qxc4 27. Qd2 Rc8 {The position is equal.} 28. f3 b4 29. axb4 Qxb4 30. Ra1 Rc6 31. Ra4 {Precision: White = 40%, Black = 38%.} 1/2-1/2

[Event "20th Dubai Open 2018"]
[Site "Dubai"]
[Date "2018.04.05"]
[Round "4"]
[White "Christiansen, Johan-Sebastian"]
[Black "Tabatabaei, M.Amin"]
[Result "1/2-1/2"]
[WhiteElo "2498"]
[BlackElo "2605"]
[Annotator "TA"]
[PlyCount "73"]
[EventDate "2018.??.??"]
[EventType "swiss"]
[EventCountry "UAE"]
[SourceTitle "playchess.com"]
[Source "ChessBase"]
[SourceQuality "1"]

{[%evp 13,73,0,15,-5,-15,-47,0,0,7,-4,4,0,41,0,0,0,0,0,0,0,0,0,0,0,0,0,0,-23,0,0,0,0,0,-34,-42,-29,0,-42,-44,-237,-168,-177,-164,-285,-276,-272,-265,-443,0,0,0,0,295,0,0,0,0,0,0,0,0,0]} 1. e4 g6 2. d4 Bg7 3. Nc3 d6 4. f4 Nf6 5. Nf3 O-O 6. e5 Nfd7 7. h4 c5 $1 {[%cal Rc5d4] LiveBook: 92 Games} 8. d5 {B09: Pirc Defence: Austrian Attack} (8. h5 cxd4 9. hxg6 hxg6 10. Qxd4 Nc6 11. Qf2 e6 12. g4 Re8 13. Qh2 Qb6 14. Bd3 dxe5 15. f5 e4 16. fxg6 exf3 17. Qh7+ Kf8 18. gxf7 Nf6 19. fxe8=Q+ Nxe8 20. Bh6 Qxb2 21. Qh8+ Kf7 22. Bg6+ Ke7 23. Qxe8+ {1-0 (23) Sychev,K (2510)-Gordievsky,D (2605) Moscow 2017}) 8... dxe5 9. h5 Qb6 $146 (9... exf4 $15 10. Bxf4 Nb6 11. hxg6 fxg6) ({Predecessor:} 9... Qa5 10. hxg6 hxg6 11. Kf2 c4 12. Be3 exf4 13. Bxf4 Nf6 14. Ne5 Qb6+ 15. Be3 Qc7 16. Nxc4 Ng4+ 17. Kf3 b5 18. Nxb5 Qd7 19. Nc3 Qf5+ 20. Kg3 Nxe3 {0-1 (20) Mordiglia,R (2115)-Belotti,B (2420) Montecatini Terme 1998}) 10. hxg6 $11 hxg6 11. Qd2 exf4 12. Qxf4 Qb4 13. Bc4 {a3 is the strong threat.} (13. Qh2 $5 {[%cal Rh2h7]} Nf6 14. a3 $14) 13... b5 (13... Bxc3+ $2 14. bxc3 Qxc3+ 15. Kf2 $19) 14. Bxb5 Bxc3+ 15. bxc3 Qxc3+ 16. Kf2 Qxa1 17. Qh4 {[%csl Gh1][%cal Rh4h7]} Qg7 18. Bh6 $1 {[%cal Rh6g7]} Qh8 19. Qxe7 Ba6 $1 {[%cal Ra6b5]} 20. Ba4 Rc8 {Strongly threatening ...Qf6.} ({Don't blunder} 20... Bc8 $2 21. Rh4 $18) 21. Bxd7 Nxd7 22. Qxd7 Rd8 {[%cal Bc8d8,Bd8e8,Be8e4,Be4e2][%mdl 32]} 23. Qa4 Bb7 24. c4 $1 Re8 25. Qa3 Re4 26. Qxc5 $2 (26. Qc1 $1 $15) 26... Rae8 27. Qb5 Bc8 {Hoping for ...Re2+.} 28. Rh4 (28. d6 $142) 28... Re2+ $1 $19 29. Kg3 {White wants to play Be3!} Qa1 $1 {[%cal Ra1f1] White must now prevent ...Qf1.} 30. Bg5 $2 (30. Qc5) 30... Bf5 $2 (30... Qf1 31. Qxe8+ $1 {[%mdl 512]} Rxe8 32. Bf6 Qe1+ 33. Nxe1 Re3+ 34. Nf3 Rxf3+ 35. gxf3 Kf8 36. Rh8#) (30... f6 $1 $19 {[%cal Rf6g5]} 31. Qc6 fxg5 32. Qxg6+ Qg7 33. Qxg5 Qxg5+ 34. Nxg5 R8e3+ 35. Nf3 Rc3) 31. d6 $1 $11 {[%cal Rd6d7] Threatens to win with d7.} a6 $1 {[%cal Ra6b5]} ({Not} 31... Qxa2 32. Qxe8+ $1 {[%mdl 512]} Rxe8 33. Bf6 Qxg2+ 34. Kxg2 Re2+ 35. Kh1 Re1+ 36. Nxe1 Be4+ 37. Kg1 Kf8 38. Rh8#) 32. Qc6 $1 {White threatens d7 and mate.} Qb2 $2 {[%mdl 8192]} ({Worse is} 32... Qxa2 {[#]} 33. Qxe8+ $1 {[%mdl 512]} Rxe8 34. Bf6 Qxg2+ 35. Kxg2 Re2+ 36. Kh1 Re1+ 37. Nxe1 Be4+ 38. Kh2 Kf8 39. Rh8#) (32... Rf8 $11 {and Black stays safe.} 33. Qb6 Qf1) 33. Rh2 $2 ({White must play} 33. Nd4 $18 R2e4 34. d7 Bxd7 35. Qxd7 Qb8+ 36. Rf4 Rxf4 37. Bxf4) 33... R8e4 {The position is equal.} 34. Qa8+ Re8 35. Qc6 {And now d7 would win.} R8e4 36. Qa8+ Re8 37. Qc6 {Precision: White = 46%, Black = 68%.} 1/2-1/2

[Event "20th Dubai Open 2018"]
[Site "Dubai"]
[Date "2018.04.05"]
[Round "4"]
[White "Erigaisi, Arjun"]
[Black "Aradhya, Garg"]
[Result "1-0"]
[WhiteElo "2481"]
[BlackElo "2218"]
[Annotator "TA"]
[PlyCount "115"]
[EventDate "2018.??.??"]
[EventType "swiss"]
[EventCountry "UAE"]
[SourceTitle "playchess.com"]
[Source "ChessBase"]
[SourceQuality "1"]

{[%evp 13,115,1,30,30,39,38,41,25,26,28,8,16,37,37,22,28,36,33,26,21,17,-3,56,55,49,21,39,0,39,35,36,58,72,75,72,0,0,0,123,129,129,122,140,132,152,154,148,151,164,135,164,157,188,187,213,211,250,187,328,315,366,366,410,300,290,0,393,362,625,304,731,697,845,858,864,865,848,825,874,877,879,865,893,884,891,880,1001,994,29985,29986,29986,29987,29987,29988,29989,29990,29990,29990,29989,29988,29988,29989,29989,29990]} 1. c4 e6 2. Nf3 Nf6 3. g3 a6 4. Bg2 d5 5. b3 Be7 6. O-O O-O 7. Bb2 c5 {LiveBook: 4 Games} 8. cxd5 {A30: Symmetrical English: Double Fianchetto and Hedgehog} (8. e3 Nc6 9. Qe2 b6 10. Rd1 Bb7 11. cxd5 Nxd5 12. Nc3 Nxc3 13. Bxc3 Bf6 14. d4 cxd4 15. Nxd4 Nxd4 16. Bxd4 Bxg2 17. Kxg2 Bxd4 18. Rxd4 {½-½ (69) Lalith,B (2530)-Tilicheev,V (2497) Pardubice 2017}) 8... exd5 9. d4 Nc6 10. Na3 {White is slightly better.} Ne4 $146 ({Find the theoretical novelty and annotate with similar games:} 10... Bf5 11. Nc2 Rc8 12. dxc5 Bxc5 13. Ncd4 Bg6 14. Rc1 Ba7 15. Nxc6 bxc6 {½-½ (47) Behrendt,C (2120)-Kunz,W (2167) Stuttgart 2015}) 11. dxc5 Bxc5 12. Nc2 Qb6 {[%cal Re4f2]} 13. e3 Rd8 14. Nfd4 a5 15. Rb1 Bd7 16. Qe2 Rac8 17. Nxc6 Qxc6 ({Better is} 17... bxc6 $11 18. Bxe4 dxe4) 18. Rfd1 Bf8 19. Nd4 Qg6 20. Nf3 Bg4 {[#] Strongly threatening ...Ng5.} 21. h3 $1 {[%cal Rh3g4]} Bxf3 22. Bxf3 Nxg3 23. fxg3 {Threatens to win with g4.} Rc2 24. Qf1 ({White should play} 24. Qe1 $16) 24... Qxg3+ $11 25. Bg2 {Black must now prevent Qf3.} Qxe3+ (25... Rd6 $1 $11 26. Re1 (26. Qf3 $2 Rg6 $19) 26... Rh6) 26. Kh1 $16 Rf2 27. Qg1 Bc5 {[#]} 28. Rf1 $1 Qg3 29. Rxf2 Bxf2 30. Qd1 Qg6 31. Rc1 $40 {[%mdl 128] White attacks with force.} Be3 32. Rc3 Bf4 33. Rd3 h6 34. Qf1 Bb8 35. Bd4 ({Not} 35. Bxd5 Rxd5 36. Rxd5 Qe4+ 37. Qg2 Qb1+ 38. Qg1 Qe4+ 39. Qg2 Qb1+ 40. Qg1 Qe4+ 41. Qg2 $11) 35... Rc8 (35... Qe6 {might work better.} 36. Qd1 Bc7) 36. Bg1 d4 37. Rxd4 b6 38. Rg4 Qd6 39. Rd4 Qg6 $1 40. Qd1 {Hoping for Rd8+.} Bc7 $2 (40... Kh7 41. Rd8 Rxd8 42. Qxd8 Qg3 43. Qxb6 Qe5) 41. Rg4 (41. Qc1 $142) 41... Qf6 $2 (41... Qe6 42. Re4 Qd6) 42. Qd7 $18 Qe6 43. Qxe6 fxe6 44. Rc4 b5 45. Rc2 a4 46. bxa4 bxa4 47. Bh2 Rb8 48. Bxc7 Rb1+ 49. Kh2 a3 50. Bd6 {White threatens Rc8+ and mate.} Rb2 51. Rxb2 {White mates.} axb2 52. Be4 Kf7 53. Be5 g5 54. Bxb2 Ke7 55. a4 {[%cal Ba2a4,Ba4a5,Ba5a6][%mdl 32]} Kd6 56. a5 Kc5 57. a6 Kb6 58. Bd3 {Precision: White = 71%, Black = 41%.} 1-0

[Event "20th Dubai Open 2018"]
[Site "Dubai"]
[Date "2018.04.05"]
[Round "4"]
[White "Darini, Pouria"]
[Black "Volkov, Sergey"]
[Result "1/2-1/2"]
[WhiteElo "2478"]
[BlackElo "2598"]
[Annotator "TA"]
[PlyCount "60"]
[EventDate "2018.??.??"]
[EventType "swiss"]
[EventCountry "UAE"]
[SourceTitle "playchess.com"]
[Source "ChessBase"]
[SourceQuality "1"]

{[%evp 20,60,28,33,41,42,42,0,20,29,32,0,0,0,0,0,0,0,0,0,0,0,0,0,0,-17,-13,-12,4,4,11,0,0,0,0,0,0,0,0,0,0,0,8]} 1. e4 e6 2. d4 d5 3. Nc3 dxe4 4. Nxe4 Nd7 5. Nf3 Ngf6 6. Bd3 c5 7. Nxf6+ Nxf6 8. dxc5 Bxc5 9. Qe2 Bd7 {C10: French with 3 Nc3: Unusual Black 3rd moves and 3...dxe4} (9... O-O 10. Bd2 e5 11. O-O-O e4 12. Bxe4 Qe7 13. Rhe1 Qe6 14. Bc3 Nxe4 15. Qxe4 Bxf2 16. Re2 Bb6 17. b3 Qxe4 18. Rxe4 Be6 19. Nd4 {0-1 (52) Dvoirys,S (2552)-Meier,G (2644) Jerusalem 2017}) 10. Ne5 Qc7 11. O-O {LiveBook: 4 Games} Bd6 {White is slightly better.} 12. Bf4 Bc6 13. Bg3 O-O $146 ({Predecessor:} 13... O-O-O 14. c4 h5 15. c5 Bxe5 16. Bxe5 Qa5 17. Bd6 Ne8 18. Bf4 {½-½ (27) Sreeves,C (2233)-Nestor,K (2093) High Wycombe 2012}) 14. Rad1 Rad8 15. Rd2 g6 {The position is equal.} 16. Rfd1 Nh5 17. Nxc6 Nxg3 18. hxg3 bxc6 19. Be4 Be7 20. Rxd8 Rxd8 21. Rxd8+ Bxd8 22. Qa6 c5 23. Qc6 Qb6 (23... Qe7 {looks sharper.} 24. Bd3 Qg5 25. f4 Qe7 26. c3 Kg7) 24. Qxb6 axb6 $11 {[%mdl 4096] Endgame KB-KB} 25. g4 Kf8 26. Kf1 Ke7 27. Ke2 Kd6 28. f4 f5 29. gxf5 exf5 30. Bb7 Bf6 {Precision: White = 68%, Black = 81%.} 1/2-1/2

[Event "20th Dubai Open 2018"]
[Site "Dubai"]
[Date "2018.04.05"]
[Round "4"]
[White "Chakravarthi Reddy, M."]
[Black "Can, Emre"]
[Result "1/2-1/2"]
[WhiteElo "2442"]
[BlackElo "2590"]
[Annotator "TA"]
[PlyCount "121"]
[EventDate "2018.??.??"]
[EventType "swiss"]
[EventCountry "UAE"]
[SourceTitle "playchess.com"]
[Source "ChessBase"]
[SourceQuality "1"]

{[%evp 19,121,0,23,-20,-20,-16,-26,-25,-18,-22,-25,-27,-43,-63,-63,-76,-54,-57,-66,-70,-61,-58,-66,-44,-43,-110,-118,-108,-99,-98,-56,-87,-81,-119,-71,-91,-93,-66,0,0,0,0,0,0,14,14,75,75,55,14,81,84,171,162,354,353,368,355,321,307,1108,265,265,265,265,265,232,225,223,64,106,8,8,0,0,0,8,8,8,0,0,0,0,0,0,0,0,0,0,0,0,0,0,0,0,0,0,0,0,0,0,0,0,0]} 1. d4 Nf6 2. c4 c5 3. d5 e6 4. Nc3 exd5 5. cxd5 d6 6. Nf3 g6 7. g3 Bg7 8. Bg2 O-O 9. O-O Re8 10. Nd2 b6 11. Nc4 {A62: Modern Benoni: Fianchetto Variation without early ...Nbd7} (11. a4 Nbd7 12. h3 a6 13. Rb1 Qe7 14. Nc4 Ne5 15. Nxb6 Rb8 16. Nxc8 Rexc8 17. b3 Nh5 18. Bd2 Rc7 19. Qc2 {0-1 (46) Nikolic,P (2619)-Rapport,R (2621) Wijk aan Zee 2013}) 11... Ba6 12. Qa4 Bxc4 13. Qxc4 {Black has an edge.} a6 14. Qh4 b5 15. Bg5 Nbd7 16. Ne4 $146 ({Predecessor:} 16. Rae1 b4 17. Ne4 h6 18. Nxf6+ Bxf6 19. Bxf6 Qxf6 20. Qxf6 Nxf6 {1-0 (59) Mizinov,I (2247)-Zuev,A (2094) Uljanovsk 2007}) 16... h6 17. Nxf6+ Nxf6 18. Bxh6 Bxh6 19. Qxh6 Rxe2 20. b3 Qe7 21. Bf3 Re5 22. a4 (22. Qd2 $15) 22... b4 $17 23. Rac1 Re8 24. Rc4 Qf8 25. Qd2 a5 26. Rf4 Qg7 27. h4 Ne4 28. Qd3 {[%cal Rf4e4] [#]} Nc3 (28... c4 $1 $15 {[%mdl 512]} 29. Qxc4 (29. bxc4 Nc5) 29... Nd2) 29. Qa6 $11 Nxd5 30. Bxd5 Rxd5 31. Qxa5 Rd4 32. Qb5 Rf8 (32... Re7 $11) 33. Rxd4 $16 Qxd4 {[%mdl 4096] Endgame KQR-KQR} 34. Re1 Qc3 (34... Qd5 $11 {keeps the balance.}) 35. Re3 $1 {[%cal Re3c3]} Qc1+ {[#]} (35... Qf6 $16) 36. Kg2 $1 $18 d5 $2 {[#]} (36... Qa1 37. Qb7 Kg7) 37. h5 $1 {[%mdl 512]} Qc2 (37... gxh5 38. Re5) 38. Qc6 c4 ({Much worse is} 38... d4 39. Rf3 $18) 39. Qxd5 c3 $2 (39... cxb3 40. Rxb3 Qf5 41. Qxf5 gxf5 42. Rxb4 Ra8) 40. Rd3 $2 (40. hxg6 Qxg6 41. Re5) 40... Qe2 41. hxg6 Qe6 42. gxf7+ Qxf7 {intending ...c2.} 43. Qxf7+ Kxf7 {KR-KR} 44. Rd7+ $2 ({White should try} 44. Rd1 $18) 44... Ke6 $14 {[#]} 45. Rc7 (45. Rd1 $1 $16) 45... Rd8 $1 $11 {The position is equal.} 46. Rc4 Rd1 $1 {[%cal Rd1b1]} 47. a5 Ra1 48. Kf3 Rxa5 49. Rxb4 {Rc4 is the strong threat.} Rc5 $1 {aiming for ...c2.} 50. Re4+ Kd5 51. Re1 {Hoping for Ke2.} c2 52. Rc1 {Black must now prevent Ke3.} Kd4 53. g4 Kc3 54. Kf4 Kb2 55. Rg1 Rd5 56. f3 Kxb3 {Threatens to win with ...Rd1.} (56... Rd4+ {keeps more tension.} 57. Ke5 Rd1 58. Rg2 Re1+ 59. Kf4 Kb1) 57. Rc1 $1 Kb2 {[#]} 58. Rxc2+ $1 {[%mdl 512]} Kxc2 59. g5 {[%cal Bg4g5,Bg5g6,Bg6g7][%mdl 32]} Kd3 60. g6 Kd4 61. g7 {Precision: White = 56%, Black = 57%.} 1/2-1/2

[Event "20th Dubai Open 2018"]
[Site "Dubai"]
[Date "2018.04.05"]
[Round "4"]
[White "Haria, Ravi"]
[Black "Dhulipalla, Bala Chandra Prasad"]
[Result "1-0"]
[WhiteElo "2441"]
[BlackElo "2294"]
[Annotator "TA"]
[PlyCount "65"]
[EventDate "2018.??.??"]
[EventType "swiss"]
[EventCountry "UAE"]
[SourceTitle "playchess.com"]
[Source "ChessBase"]
[SourceQuality "1"]

{[%evp 10,65,40,23,26,24,23,25,23,21,34,-11,8,1,10,0,10,13,31,34,38,33,33,34,41,42,41,15,23,8,21,0,69,72,66,62,64,57,63,71,127,102,142,117,129,131,326,320,410,422,411,403,778,766,755,727,768,734]} 1. e4 e5 2. Nf3 Nc6 3. Bc4 Nf6 4. d3 h6 5. O-O d6 6. c3 g5 {C55: Two Knights: 4 d3, 4 d4 exd4 5 e5 and Max Lange Attack} 7. b4 (7. Nbd2 Bg7 8. Bb3 O-O 9. Nc4 Be6 10. h4 g4 11. Nh2 d5 12. exd5 Nxd5 13. Nxg4 Qxh4 14. Nce3 Nce7 15. Nxd5 {½-½ (15) Ragger,M (2668)-Hammer,J (2621) Norway 2018}) 7... Bg7 8. Nbd2 O-O $146 {White has an edge.} ({Predecessor:} 8... Bg4 9. Qb3 Qd7 10. a4 Nh5 11. Kh1 Nf4 12. Ng1 Be6 13. Qc2 O-O 14. a5 {1-0 (55) Montiel,P (2280)-Ramon Pita,V (2260) Havana 1992}) 9. Bb3 a6 10. Nc4 {[%cal Bd2c4,Bc4e3,Be3f1,Bf1g3,Bg3e2][%mdl 32]} Be6 11. Ne3 d5 12. Qc2 b5 13. Rd1 d4 14. cxd4 Nxd4 15. Nxd4 exd4 16. Nf1 Qd6 17. Bd2 Nd7 18. Rac1 Rac8 19. Ng3 Be5 20. Qc6 Rb8 (20... Kh7 $11) 21. Qxd6 $14 Bxd6 22. Ne2 c5 23. bxc5 Bxc5 24. f4 Bg4 {[#]} ({Better is} 24... Rfc8) 25. Kf1 $1 $36 {[%mdl 2048] Black is under strong pressure.} Kg7 26. h3 Bxe2+ 27. Kxe2 Kg6 $2 (27... gxf4 $16 {is a better defense.} 28. Bxf4 Rb6) 28. Rf1 Bd6 29. Rc6 Rb6 30. Rfc1 f6 (30... Kg7 $142 31. Rxb6 Nxb6) 31. Rxb6 {White is clearly winning.} Nxb6 32. Rc6 Nc8 33. Be6 {Precision: White = 66%, Black = 34%.} 1-0

[Event "20th Dubai Open 2018"]
[Site "Dubai"]
[Date "2018.04.05"]
[Round "4"]
[White "Sundararajan, Kidambi"]
[Black "Krysa, Leandro"]
[Result "1/2-1/2"]
[WhiteElo "2436"]
[BlackElo "2543"]
[Annotator "TA"]
[PlyCount "86"]
[EventDate "2018.??.??"]
[EventType "swiss"]
[EventCountry "UAE"]
[SourceTitle "playchess.com"]
[Source "ChessBase"]
[SourceQuality "1"]

{[%evp 23,86,0,0,-14,0,17,56,56,90,44,59,29,33,31,35,27,41,10,18,11,8,8,8,10,34,32,41,23,32,54,50,24,29,25,29,22,32,10,10,11,14,0,72,59,79,46,66,34,61,14,16,0,0,-8,0,0,0,0,0,0,0,0,0,0,0]} 1. d4 Nf6 2. c4 g6 3. Nc3 d5 4. Nf3 Bg7 5. e3 O-O 6. cxd5 Nxd5 7. Bc4 Nxc3 8. bxc3 c5 9. O-O Qc7 10. Qe2 Nc6 11. Rd1 b6 12. Bb2 Bb7 {LiveBook: 4 Games} 13. e4 {[#] D94: Grünfeld: 4 Nf3 Bg7 5 e3} cxd4 $146 ({Predecessor:} 13... Rad8 14. Rac1 e6 15. Qe3 Na5 16. Bd3 Rfe8 17. h4 Qe7 18. Qf4 e5 19. dxe5 Bxe5 20. Nxe5 Qxe5 21. Qxe5 Rxe5 {½-½ (34) Tregubov,P (2607)-Swiercz,D (2614) Bastia 2014}) 14. cxd4 Qf4 15. Bc1 {White is slightly better.} Qg4 16. h3 Qd7 {[%cal Rc6d4]} 17. Bb2 Na5 18. Bb5 Bc6 19. Bxc6 Qxc6 20. d5 Qc4 21. Qxc4 Nxc4 22. Bxg7 Kxg7 23. Nd4 Na5 24. Rac1 Rfc8 25. f4 Rc5 26. Rxc5 bxc5 $14 {[%mdl 4096] Endgame KRN-KRN} 27. Nb5 a6 28. Nc3 Rb8 29. d6 Nc6 30. dxe7 Nxe7 31. Rd7 Nc6 32. Rc7 Nb4 {[#]} (32... Nd4 $11) 33. e5 $1 $16 ({Reject} 33. Rxc5 $6 Nd3 $11) 33... Rb6 34. Rxc5 Nd3 35. Rc4 Rb2 36. Nd5 Rxa2 {The position is equal.} 37. g4 g5 38. Rd4 Nxf4 (38... Ra1+ {with more complications.} 39. Kg2 Ra3 40. fxg5 Ne1+ 41. Kf2 Nf3) 39. Nxf4 gxf4 40. Rxf4 a5 41. Re4 Kf8 42. e6 fxe6 43. Rxe6 Kf7 {Precision: White = 47%, Black = 66%.} 1/2-1/2

[Event "20th Dubai Open 2018"]
[Site "Dubai"]
[Date "2018.04.05"]
[Round "4"]
[White "Viani, Antonio Dcunha"]
[Black "Srija, Seshadri"]
[Result "1/2-1/2"]
[WhiteElo "2435"]
[BlackElo "2264"]
[Annotator "TA"]
[PlyCount "132"]
[EventDate "2018.??.??"]
[EventType "swiss"]
[EventCountry "UAE"]
[SourceTitle "playchess.com"]
[Source "ChessBase"]
[SourceQuality "1"]

{[%evp 18,132,-1,-4,18,0,0,0,0,0,0,0,10,14,7,12,25,20,29,0,0,0,0,-31,0,-19,-18,-25,0,0,0,0,0,0,0,0,78,71,70,71,66,71,145,77,206,203,138,0,0,-7,-7,-6,-6,-6,-12,-7,98,97,145,151,145,10,130,142,185,191,191,191,186,116,142,74,103,68,79,26,26,26,26,26,26,12,26,0,0,0,0,0,0,0,26,26,26,26,64,64,64,64,64,0,0,0,0,0,0,0,0,0,0,0,0,0,0,0,0,0,0]} 1. e4 e5 2. Nf3 Nc6 3. Bc4 Nf6 4. d3 Bc5 5. Bb3 O-O 6. Nbd2 d6 7. c3 a5 {C54: Giuoco Piano: 4 c3 Nf6, main lines with 5 d4 and 5 d3} 8. O-O h6 (8... Be6 9. Bc2 d5 10. exd5 Bxd5 11. Qe2 Re8 12. Ne4 Be7 13. Rd1 h6 14. Nh4 Be6 15. Nf3 {0-1 (35) Onischuk,V (2637)-Ding,L (2777) Riadh 2017}) 9. h3 Be6 10. Re1 {LiveBook: 5 Games} Qb8 $146 ({Predecessor:} 10... Re8 11. Nc4 Qd7 12. Ne3 Bxb3 13. axb3 d5 14. exd5 Nxd5 15. Nxd5 Qxd5 {0-1 (55) Velicka,P (2420)-Dragnev,V (2461) Czech Republic 2018}) 11. Nf1 Qa7 12. Be3 Bxe3 13. Nxe3 a4 14. Bc2 Ne7 {[%cal Bc6e7,Be7g6,Bg6f4][%mdl 32]} 15. d4 Ng6 16. c4 Rfd8 17. b4 c6 18. d5 Bd7 19. a3 b5 20. Bd3 Nf4 21. Rc1 bxc4 (21... Rac8 {seems wilder.} 22. dxc6 Rxc6 23. Bf1 Nxe4 24. g3 Ng6) 22. Bxc4 Nxe4 23. dxc6 Bxc6 {[#]} 24. Bxf7+ $1 {[%mdl 512]} Qxf7 25. Rxc6 Rac8 26. b5 $1 {Threatening Ng4.} Nc3 (26... Rf8 $11 {keeps the balance.}) 27. Rxc8 $16 Rxc8 28. Qxd6 {And now b6 would win.} Nxb5 29. Qxe5 Nxa3 (29... Nc3 $142) 30. Qe4 (30. Nf5 $142 Nd3 31. Ne7+ Kh8 32. Qe4 (32. Qe6 Qxe6 33. Rxe6 Rc1+ 34. Kh2 Nc4 $11)) 30... Nc4 (30... Rf8 $16 {keeps fighting.}) 31. Nf5 $1 $18 {[%cal Rf5e7]} Ng6 32. h4 ({White should play} 32. N3h4 $1 $16 {[%cal Rh4g6]} Nge5 33. f4) 32... Rc5 $1 $11 33. N3d4 Re5 $36 {[%mdl 2048] White is under pressure.} 34. Qa8+ $1 Qf8 35. Qxf8+ Nxf8 36. Rc1 Nd2 {[#]} (36... Nb6 $1 $11 {remains equal.}) 37. Rc7 $1 $16 {[%cal Rc7g7]} Ne6 38. Nxe6 Rxf5 39. Rxg7+ {[%mdl 4096] Endgame KRN-KRN} Kh8 40. Ra7 Re5 41. Nd8 {Threatens to win with Nf7+.} Re1+ 42. Kh2 Ra1 43. Nc6 (43. Kg3 $18) 43... a3 {[#]} 44. Nb4 (44. Ne5 $142 $1) 44... Nc4 45. Rc7 (45. Ra4 {with more complications.} Nd2 46. Kg3 Nc4 47. Nc2 Rc1 48. Nd4) 45... Ne5 46. Rc5 (46. Kg3 $16) 46... Rb1 $11 47. Rxe5 {Nc2 is the strong threat.} Rxb4 {KR-KR} 48. Ra5 Rb2 $1 49. f4 a2 50. h5 Kg7 51. Kh3 Kf6 52. g4 Rb3+ 53. Kh4 Rb4 (53... Rb2 {is interesting.} 54. Ra8 Ke6 55. Ra6+ Kf7 56. g5 hxg5+ 57. Kxg5 Rg2+) 54. Rxa2 {aiming for Kg3.} Rxf4 55. Ra7 {Hoping for Rh7.} Ke5 56. Re7+ Kd6 57. Rh7 Rf6 58. g5 ({Better is} 58. Rg7 $14) 58... Rf4+ {The position is equal.} 59. Kg3 hxg5 60. Rg7 Ke6 61. Rxg5 (61. h6 {is more complex.} Kf6 62. Rd7 Kg6 63. Rd6+ Kf5 64. Ra6) 61... Rf1 62. Ra5 Kf6 63. Rd5 Kg7 64. Rd6 Rg1+ 65. Kf4 Rf1+ 66. Kg5 Rg1+ {Precision: White = 49%, Black = 55%.} 1/2-1/2

[Event "20th Dubai Open 2018"]
[Site "Dubai"]
[Date "2018.04.05"]
[Round "4"]
[White "Tahbaz, Arash"]
[Black "Nyazi, Nehad"]
[Result "1-0"]
[WhiteElo "2434"]
[BlackElo "2213"]
[Annotator "TA"]
[PlyCount "97"]
[EventDate "2018.??.??"]
[EventType "swiss"]
[EventCountry "UAE"]
[SourceTitle "playchess.com"]
[Source "ChessBase"]
[SourceQuality "1"]

{[%evp 15,97,27,32,15,10,14,14,0,37,-12,-16,-8,70,-30,-17,-39,-23,-95,77,96,103,95,104,80,70,60,106,15,18,15,38,39,27,30,67,75,111,75,142,145,169,152,214,207,264,259,237,241,274,270,314,313,316,296,396,395,414,280,438,461,476,458,462,451,595,591,587,580,931,929,865,909,878,853,2565,2563,2312,2056,2814,2233,29983,29984,29990,29984]} 1. d4 Nf6 2. c4 g6 3. Nc3 Bg7 4. e4 d6 5. Be2 O-O 6. Be3 Nc6 7. d5 Ne5 {E73: King's Indian: Averbakh Variation without 6...c5} 8. h3 (8. f4 Neg4 9. Bd2 Nh6 10. Nf3 c6 11. O-O cxd5 12. cxd5 b5 13. Bd3 b4 14. Na4 Bd7 15. Kh1 {1-0 (62) Sokolov,I (2623)-Van Foreest,J (2615) Hoogeveen 2016}) 8... e6 {LiveBook: 5 Games} 9. f4 Ned7 {The position is equal.} 10. dxe6 $1 fxe6 11. g4 Qe7 $146 ({Predecessor:} 11... b6 12. Qc2 Bb7 13. Bf3 e5 14. f5 gxf5 15. gxf5 {1-0 (54) Djurhuus,R (2510)-Hoi,C (2430) Copenhagen 1998}) 12. Qd2 {[#]} b5 $1 {[%mdl 512]} 13. cxb5 (13. Nxb5 Nxe4) 13... a6 ({Black should try} 13... Bb7 $11) 14. g5 (14. bxa6 $1 $14 Bxa6 15. Bxa6 Rxa6 16. Nge2) 14... Nh5 $11 15. Bxh5 gxh5 16. f5 (16. Nge2 $11 {remains equal.}) 16... Bb7 $2 (16... Bxc3 $1 $17 {stays on course.} 17. bxc3 Qe8) 17. f6 $1 $16 {[%cal Rf6e7]} Nxf6 18. gxf6 Qxf6 {[%csl Gf8][%cal Rf6f1] [#]} 19. Nge2 $1 {Hoping for Rg1.} axb5 {[%cal Ba6b5,Bb5b4][%mdl 32]} 20. Rg1 $1 {And now Bh6 would win.} b4 21. Nd1 ({White should play} 21. Nb5 $16 b3 22. a3) 21... Bxe4 $11 22. Bg5 $36 {[%mdl 2048] Black is under pressure.} Qe5 23. Bh6 Bg6 24. Bxg7 Kxg7 25. Qxb4 Rf6 26. Qb7 Raf8 (26... Qa5+ $142 27. b4 Ra7) 27. Qxc7+ $16 R8f7 28. Qc3 Qe4 (28... Qf5 $16 {was called for.} 29. Rc1 e5) 29. Qd4 $18 {Black must now prevent Qxe4.} Qf3 30. Qxd6 Qxh3 31. Rc1 Qh4+ 32. Qg3 ({Weaker is} 32. Kd2 e5 $11) 32... Qb4+ {[#]} 33. Rc3 $1 e5 34. a3 Qa5 35. Ne3 Rf3 36. Nc4 Qxc3+ (36... Rxg3 {might work better.} 37. Nxa5 Rxc3 38. Nxc3 Rd7) 37. Nxc3 Rxg3 38. Rxg3 e4 39. Ne5 Re7 40. Nxg6 hxg6 {[%mdl 4096] Endgame KRN-KR} 41. b4 {[%cal Bb2b4,Bb4b5,Bb5b6,Bb6b7][%mdl 32]} Kh6 42. Re3 Kg5 43. b5 h4 44. Rxe4 Rh7 45. Kf2 Kf5 46. Rb4 g5 47. b6 h3 48. b7 h2 49. Ne2 {Precision: White = 69%, Black = 36%.} 1-0